[Event "Summer Prague Open 2022 - B"]
[Site "Olympik hotel, Sokolovska 138, Praha"]
[Date "2022.08.06"]
[Round "2"]
[Board "3"]
[White "Guggenheim, Hans"]
[Black "Aura, Daniel"]
[Result "1-0"]
[WhiteElo "1866"]
[BlackElo "1568"]
[PlyCount "101"]
[EventDate "2022.08.05"]
[EventRounds "9"]
[EventCountry "CZE"]

1. d4 d5 2. c4 c6 3. Nf3 Nf6 4. g3 Nbd7 5. Bg2 e6 6. O-O Bd6 7. Nc3 O-O 8. Nd2
Bc7 9. e4 dxe4 10. Ndxe4 e5 11. d5 cxd5 12. cxd5 Nxe4 13. Nxe4 Bb6 14. Bg5 f6
15. Bd2 Qe7 16. Rc1 h6 17. Qe1 Qf7 18. Bb4 Rd8 19. Nd6 Qh5 20. Qe4 Nc5 21. Bxc5
Bxc5 22. Rxc5 Rxd6 23. Qb4 Rb6 24. Rb5 Rxb5 25. Qxb5 a6 26. Qb6 Bh3 27. Qxb7
Rd8 28. Qxa6 Bxg2 29. Kxg2 e4 30. Qe6+ Kh8 31. Qxe4 Rxd5 32. Rc1 Rd8 33. Rc7
Re8 34. Qb7 Qg4 35. h3 Qg5 36. Rc8 Rxc8 37. Qxc8+ Kh7 38. Qb7 f5 39. Qd5 Qf6
40. b4 h5 41. h4 g5 42. Qf3 Qg6 43. hxg5 Qxg5 44. Qf4 Qf6 45. Kh2 Kg6 46. a4
Qb6 47. b5 Qc5 48. Qe3 Qb4 49. Qe6+ Kg5 50. f4+ Kg4 51. Qe2#  1-0

[Event "Summer Prague Open 2022 - B"]
[Site "Olympik hotel, Sokolovska 138, Praha"]
[Date "2022.08.06"]
[Round "2"]
[Board "4"]
[White "Al Dhaffari, Salma"]
[Black "Jaeger, Andre"]
[Result "0-1"]
[WhiteElo "1544"]
[BlackElo "1865"]
[PlyCount "44"]
[EventDate "2022.08.05"]
[EventRounds "9"]
[EventCountry "CZE"]

1. d4 Nf6 2. c4 d6 3. Nc3 Nbd7 4. e4 e5 5. d5 Be7 6. g3 O-O 7. Nge2 Nc5 8. Be3
Ncxe4 9. Qc2 Bf5 10. Qc1 Nxc3 11. Qxc3 Be4 12. Rg1 Ng4 13. Bd2 Nxh2 14. O-O-O
Nf3 15. Bg2 Nxg1 16. Rxg1 Bxg2 17. Rxg2 f5 18. Qf3 Bg5 19. Qh5 Bxd2+ 20. Kxd2
c6 21. Rh2 h6 22. Qg6 Rf6  0-1

[Event "Summer Prague Open 2022 - B"]
[Site "Olympik hotel, Sokolovska 138, Praha"]
[Date "2022.08.06"]
[Round "2"]
[Board "5"]
[White "Svetly, Jiri"]
[Black "Trefilik, Jiri"]
[Result "1-0"]
[WhiteElo "1825"]
[BlackElo "1549"]
[PlyCount "37"]
[EventDate "2022.08.05"]
[EventRounds "9"]
[EventCountry "CZE"]

1. d4 f5 2. c4 Nf6 3. Nf3 g6 4. g3 Bg7 5. Nc3 d6 6. Bg2 O-O 7. O-O c6 8. Qc2
Qe8 9. b3 h6 10. Ba3 Qd8 11. Rad1 Re8 12. Nh4 Kh7 13. e4 Qa5 14. Bb2 g5 15.
Nxf5 Bxf5 16. exf5 e5 17. fxe6+ Kg8 18. d5 cxd5 19. Nxd5  1-0

[Event "Summer Prague Open 2022 - B"]
[Site "Olympik hotel, Sokolovska 138, Praha"]
[Date "2022.08.06"]
[Round "2"]
[Board "6"]
[White "Mikhno, Artem"]
[Black "Sterba, Erik"]
[Result "1/2-1/2"]
[WhiteElo "1535"]
[BlackElo "1815"]
[PlyCount "56"]
[EventDate "2022.08.05"]
[EventRounds "9"]
[EventCountry "CZE"]

1. d4 Nf6 2. c4 e6 3. Nc3 Bb4 4. Qc2 d5 5. Bg5 c5 6. e3 Nc6 7. Nf3 cxd4 8. exd4
O-O 9. cxd5 exd5 10. Be2 Bg4 11. a3 Bxf3 12. gxf3 Nxd4 13. Qd1 Bxc3+ 14. bxc3
Nxe2 15. Kxe2 Qa5 16. Bxf6 Qa6+ 17. Qd3 Qxf6 18. Kf1 Rfd8 19. Rg1 Rac8 20. Rc1
d4 21. c4 b5 22. Rg4 bxc4 23. Rxc4 Rxc4 24. Qxc4 d3 25. Qc1 Qxf3 26. Qg5 Qe2+
27. Kg2 Qxg4+ 28. Qxg4 d2  1/2-1/2

[Event "Summer Prague Open 2022 - B"]
[Site "Olympik hotel, Sokolovska 138, Praha"]
[Date "2022.08.06"]
[Round "2"]
[Board "7"]
[White "Oxener, Aldo"]
[Black "Pitera, Michal"]
[Result "0-1"]
[WhiteElo "1525"]
[BlackElo "1798"]
[PlyCount "46"]
[EventDate "2022.08.05"]
[EventRounds "9"]
[EventCountry "CZE"]

1. d4 Nf6 2. e3 d5 3. Nd2 c5 4. b3 Nc6 5. Bb2 cxd4 6. exd4 Bf5 7. a3 e6 8. Ngf3
Bd6 9. Be2 h6 10. O-O O-O 11. Ne5 Rc8 12. Rc1 Qe7 13. b4 Rfd8 14. c4 dxc4 15.
Ndxc4 Bb8 16. Nxc6 Rxc6 17. Qb3 Bf4 18. Rcd1 Rdc8 19. Qf3 Bg4 20. Qxf4 Bxe2 21.
Ne5 Rc2 22. Rc1 Bxf1 23. Kxf1 Nd5  0-1

[Event "Summer Prague Open 2022 - B"]
[Site "Olympik hotel, Sokolovska 138, Praha"]
[Date "2022.08.06"]
[Round "2"]
[Board "8"]
[White "Korniichuk, Oleksandra"]
[Black "Veelenturf, Wim"]
[Result "1-0"]
[WhiteElo "1793"]
[BlackElo "1536"]
[PlyCount "81"]
[EventDate "2022.08.05"]
[EventRounds "9"]
[EventCountry "CZE"]

1. e4 e5 2. Nf3 Nc6 3. Bc4 h6 4. O-O Nf6 5. Re1 d6 6. h3 Be7 7. d4 O-O 8. d5
Na5 9. Bd3 b6 10. b4 Nb7 11. Ba6 Rb8 12. Na3 Bd7 13. Nb5 Bxb5 14. Bxb5 Qc8 15.
Ba6 c5 16. c3 Qd7 17. a4 Ne8 18. Rb1 Bf6 19. Ba3 Qe7 20. Re2 cxb4 21. cxb4 Nc7
22. Bxb7 Rxb7 23. b5 a6 24. Rc2 axb5 25. Rc6 Rd8 26. axb5 Ne8 27. Rbc1 Qd7 28.
Qc2 g6 29. Rc8 Kg7 30. Rxd8 Bxd8 31. Qc6 Rc7 32. Qxd7 Rxd7 33. Rc6 f6 34. Nd2
Nc7 35. Rxb6 Nxd5 36. Rc6 Nf4 37. Nc4 d5 38. exd5 Nxd5 39. b6 Nf4 40. Rd6 Rxd6
41. Bxd6  1-0

[Event "Summer Prague Open 2022 - B"]
[Site "Olympik hotel, Sokolovska 138, Praha"]
[Date "2022.08.06"]
[Round "2"]
[Board "9"]
[White "Palka, Dominika"]
[Black "Cavoli, Stefano"]
[Result "1-0"]
[WhiteElo "1774"]
[BlackElo "1534"]
[PlyCount "59"]
[EventDate "2022.08.05"]
[EventRounds "9"]
[EventCountry "CZE"]

1. d4 Nf6 2. Bg5 g6 3. Bxf6 exf6 4. e3 f5 5. Nf3 d5 6. g3 h5 7. Bg2 Bd6 8. Nc3
c6 9. Qd2 Nd7 10. h4 Nf6 11. Ne2 Qe7 12. Qc1 Bd7 13. O-O Ne4 14. b3 f6 15. c4
dxc4 16. bxc4 g5 17. c5 Bc7 18. Qb2 b6 19. hxg5 fxg5 20. d5 Qf6 21. Qxf6 Nxf6
22. cxb6 axb6 23. dxc6 Be6 24. Nxg5 Bc4 25. Rfe1 O-O 26. Nd4 Bxa2 27. Nge6 Rfc8
28. Nxc7 Rxc7 29. Re2 Rca7 30. c7  1-0

[Event "Summer Prague Open 2022 - B"]
[Site "Olympik hotel, Sokolovska 138, Praha"]
[Date "2022.08.07"]
[Round "3"]
[Board "1"]
[White "Goldmann, David"]
[Black "Podjavorinsky, Michal"]
[Result "1/2-1/2"]
[WhiteElo "1711"]
[BlackElo "1946"]
[PlyCount "174"]
[EventDate "2022.08.05"]
[EventRounds "9"]
[EventCountry "CZE"]

1. e4 c5 2. Nc3 g6 3. g3 Bg7 4. Bg2 Nc6 5. Nge2 Rb8 6. a4 Nd4 7. d3 d6 8. Nxd4
cxd4 9. Ne2 Qc7 10. b3 e5 11. O-O Ne7 12. Bd2 O-O 13. c3 dxc3 14. Bxc3 Be6 15.
Rb1 Rbc8 16. Qd2 Qd7 17. d4 Rfd8 18. Rfd1 exd4 19. Bxd4 Nc6 20. Bxg7 Kxg7 21.
Nd4 Nxd4 22. Qxd4+ Kg8 23. Qxa7 Rc2 24. Qd4 Qc7 25. h4 h5 26. Qe3 Rc8 27. Rd3
Rc1+ 28. Rxc1 Qxc1+ 29. Kh2 Qb2 30. Rxd6 Qxb3 31. Qxb3 Bxb3 32. Rb6 Bxa4 33.
Rxb7 Rc4 34. f3 Rc3 35. Rb8+ Kg7 36. Rd8 Bb5 $11 37. Rd2 Bc4 38. Kg1 Ra3 39.
Kf2 Rc3 40. f4 Ra3 41. Bf3 Be6 42. Be2 Rb3 43. Rd3 Rb2 44. Ke3 Bc4 45. Rd2 Rb3+
46. Kf2 Bxe2 47. Rxe2 Kf6 48. Ra2 Rc3 49. Re2 Ra3 50. Re3 Ra2+ 51. Kf3 Ra1 52.
Rd3 Re1 53. Re3 Ra1 54. Rb3 Re1 55. Rb2 Ra1 56. Rb6+ Kg7 57. Rb3 Re1 58. Re3
Ra1 59. Ke2 Ra2+ 60. Kd3 Kf6 61. Kd4 Ra4+ 62. Kc5 Ra5+ 63. Kd4 Ra4+ 64. Kd3
Ra3+ 65. Ke2 Ra2+ 66. Kf3 Ra1 67. g4 hxg4+ 68. Kxg4 Rg1+ 69. Rg3 Re1 70. e5+
Ke6 71. Kg5 Rf1 72. Rg4 Rf2 73. Rg1 Rf3 74. Kg4 Rf2 75. Ra1 Rg2+ 76. Kf3 Rh2
77. Ra6+ Ke7 78. Kg3 Rh1 79. Rf6 Rg1+ 80. Kh2 Rg4 81. Kh3 Rg1 82. Ra6 Kf8 83.
Ra3 Ke7 84. Rg3 Rf1 85. Kg4 Ke6 86. Kg5 Rf2 87. Rg4 Rf1  1/2-1/2

[Event "Summer Prague Open 2022 - B"]
[Site "Olympik hotel, Sokolovska 138, Praha"]
[Date "2022.08.07"]
[Round "3"]
[Board "2"]
[White "Zamengo, Bruno"]
[Black "Horyna, Josef"]
[Result "1-0"]
[WhiteElo "1903"]
[BlackElo "1694"]
[PlyCount "53"]
[EventDate "2022.08.05"]
[EventRounds "9"]
[EventCountry "CZE"]

1. e4 e6 2. d4 d5 3. e5 c5 4. c3 Nc6 5. Nf3 Be7 6. Bd3 c4 7. Be2 Bd7 8. O-O b5
9. b3 Na5 10. bxc4 bxc4 11. h3 Rb8 12. Nh2 f5 13. exf6 Nxf6 14. Ng4 Ne4 15. Bf4
Rb7 16. Bf3 O-O 17. Be5 Rxb1 18. Qxb1 Nd2 19. Qc2 Nxf1 20. Rxf1 Nc6 21. Bh2 Qa5
22. Rb1 a6 23. Rb7 Nxd4 24. Qb1 Nxf3+ 25. gxf3 Qxc3 26. Rxd7 Bc5 27. Be5  1-0

[Event "Summer Prague Open 2022 - B"]
[Site "Olympik hotel, Sokolovska 138, Praha"]
[Date "2022.08.07"]
[Round "3"]
[Board "3"]
[White "Sulzbacher, Kurt"]
[Black "Guggenheim, Hans"]
[Result "1-0"]
[WhiteElo "1707"]
[BlackElo "1866"]
[PlyCount "79"]
[EventDate "2022.08.05"]
[EventRounds "9"]
[EventCountry "CZE"]

1. e4 c5 2. Nc3 g6 3. d4 cxd4 4. Qxd4 Nf6 5. Nf3 Nc6 6. Qa4 Ng4 7. h3 Nge5 8.
Nxe5 Nxe5 9. Qd4 f6 10. f4 Nc6 11. Qc4 e6 12. Be3 a6 13. O-O-O Qa5 14. Bd4 Be7
15. g4 b5 16. Qe2 Nxd4 17. Rxd4 Bb7 18. Bg2 Bc5 19. Rd3 Qc7 20. e5 fxe5 21.
fxe5 O-O 22. Bxb7 Qxb7 23. Rhd1 Rad8 24. Ne4 Be7 25. g5 Rf5 26. Nf6+ Bxf6 27.
gxf6 Qc7 28. Rd6 Qc5 29. Re1 Rc8 30. Rd2 Rc7 31. Qe4 Kf7 32. Qa8 Rxe5 33. Rxe5
Qxe5 34. Qd8 d5 35. Qh8 Qe1+ 36. Rd1 Qe3+ 37. Kb1 Qe2 38. Rc1 Qc4 39. Qg7+ Ke8
40. Qg8+  1-0

[Event "Summer Prague Open 2022 - B"]
[Site "Olympik hotel, Sokolovska 138, Praha"]
[Date "2022.08.07"]
[Round "3"]
[Board "4"]
[White "Jaeger, Andre"]
[Black "Karlsson, Henrik 1974"]
[Result "1-0"]
[WhiteElo "1865"]
[BlackElo "1630"]
[PlyCount "65"]
[EventDate "2022.08.05"]
[EventRounds "9"]
[EventCountry "CZE"]

1. d4 e6 2. c4 Nf6 3. Nc3 Bb4 4. f3 b6 5. e4 Bxc3+ 6. bxc3 d6 7. Bg5 h6 8. Bh4
g5 9. Bf2 c5 10. Bd3 O-O 11. Qd2 e5 12. h4 Nh7 13. hxg5 hxg5 14. Ne2 f6 15. Ng3
Rf7 16. O-O-O Nc6 17. d5 Na5 18. Nf5 Kf8 19. Nh6 Rg7 20. g3 Ba6 21. Qe2 Qd7 22.
Nf5 Rf7 23. Rh2 Ke8 24. Rdh1 Nf8 25. Rh8 Kd8 26. Rg8 Kc7 27. Rhh8 Rd8 28. f4
gxf4 29. gxf4 Rc8 30. fxe5 fxe5 31. Rh6 Rh7 32. Rxh7 Qxh7 33. Rg7+  1-0

[Event "Summer Prague Open 2022 - B"]
[Site "Olympik hotel, Sokolovska 138, Praha"]
[Date "2022.08.07"]
[Round "3"]
[Board "5"]
[White "Panda, Gyorgy"]
[Black "Svetly, Jiri"]
[Result "1/2-1/2"]
[WhiteElo "1627"]
[BlackElo "1825"]
[PlyCount "107"]
[EventDate "2022.08.05"]
[EventRounds "9"]
[EventCountry "CZE"]

1. d4 Nf6 2. c4 g6 3. Nc3 Bg7 4. e4 d6 5. Be2 O-O 6. Nf3 e5 7. O-O exd4 8. Nxd4
Re8 9. f3 Nc6 10. Be3 a5 11. a3 Nxd4 12. Bxd4 c6 13. Rb1 Qc7 14. b4 axb4 15.
axb4 Be6 16. Rc1 Nd7 17. Bxg7 Kxg7 18. Qd4+ Kg8 19. Nd5 $11 Qd8 20. Nf4 Qb6 21.
Nxe6 Rxe6 22. c5 dxc5 23. bxc5 Qc7 24. Bc4 Re7 25. f4 b5 26. Bb3 Ra3 27. Rc3
Qa5 28. Rcf3 Qa7 29. Rc1 Qa5 30. Rfc3 Ra1 31. e5 Rxc1+ 32. Rxc1 Nf8 33. Ra1 Qc7
34. Qd6 Qb7 35. Qd8 Qd7 36. Ra8 Qxd8 37. Rxd8 Rc7 38. e6 fxe6 39. Bxe6+ Kg7 40.
Bg4 Kf7 41. Rd6 Ke7 42. Bf3 Ne6 43. Rxc6 Rxc6 44. Bxc6 b4 45. Kf2 Nxc5 46. Ke3
b3 47. Kd2 Kd6 48. Bf3 Ne6 49. g3 g5 50. fxg5 Nxg5 51. Bg2 Ne6 52. Kc3 Nc5 53.
Bf3 Ke5 54. Bc6  1/2-1/2

[Event "Summer Prague Open 2022 - B"]
[Site "Olympik hotel, Sokolovska 138, Praha"]
[Date "2022.08.07"]
[Round "3"]
[Board "6"]
[White "Pitera, Michal"]
[Black "Engel, Tomas"]
[Result "1-0"]
[WhiteElo "1798"]
[BlackElo "1524"]
[PlyCount "77"]
[EventDate "2022.08.05"]
[EventRounds "9"]
[EventCountry "CZE"]

1. d4 d5 2. c4 e6 3. Nc3 Nf6 4. cxd5 exd5 5. Bg5 Nbd7 6. e3 c6 7. Bd3 Bd6 8.
Qc2 h6 9. Bh4 O-O 10. Nge2 Qc7 11. Bg3 c5 12. Bxd6 Qxd6 13. dxc5 Nxc5 14. h3
Re8 15. O-O Nfe4 16. Rad1 Qe5 17. Nxd5 Qxd5 18. Bb5 Qe5 19. Bxe8 Qxe8 20. f3
Ng3 21. Nxg3 Qxe3+ 22. Qf2 Qe5 23. f4 Qe7 24. Rfe1 Qf8 25. f5 b6 26. f6 g5 27.
Re7 Be6 28. Nf5 Ne4 29. Qf3 Nxf6 30. Nxh6+ Kg7 31. Rc7 Nd5 32. Rxd5 Bxd5 33.
Nf5+ Kh7 34. Qh5+ Kg8 35. Ne7+ Kg7 36. Qxg5+ Kh7 37. Nxd5 Rd8 38. Rc4 Qg7 39.
Rh4+  1-0

[Event "Summer Prague Open 2022 - B"]
[Site "Olympik hotel, Sokolovska 138, Praha"]
[Date "2022.08.07"]
[Round "3"]
[Board "7"]
[White "Levinsky, Ladislav"]
[Black "Korniichuk, Oleksandra"]
[Result "0-1"]
[WhiteElo "1504"]
[BlackElo "1793"]
[PlyCount "76"]
[EventDate "2022.08.05"]
[EventRounds "9"]
[EventCountry "CZE"]

1. Nf3 Nf6 2. g3 d5 3. d4 e6 4. c4 c6 5. c5 b6 6. b4 a5 7. bxa5 bxc5 8. Bd2 Ne4
9. Nc3 Nxd2 10. Qxd2 Qxa5 11. e3 c4 12. Bg2 Bb4 13. Rc1 Bxc3 14. Rxc3 Qxa2 15.
Qxa2 Rxa2 16. O-O Ba6 17. Rb1 Bb5 18. Ne5 O-O 19. Ng4 Na6 20. Ne5 Nc7 21. Nd7
Rfa8 22. Nb6 Ra1 23. Rcc1 Rxb1 24. Rxb1 Ra6 25. Nd7 h6 26. e4 Ra2 27. exd5 exd5
28. Ne5 c3 29. Rc1 c2 30. Bf1 Rb2 31. Bxb5 Nxb5 32. Nd3 Rb1 33. f4 Nxd4 34. Kf2
Rxc1 35. Nxc1 Kf8 36. Ke3 c5 37. Kd2 Ke7 38. Nd3 Kd6  0-1

[Event "Summer Prague Open 2022 - B"]
[Site "Olympik hotel, Sokolovska 138, Praha"]
[Date "2022.08.07"]
[Round "3"]
[Board "8"]
[White "Sainov, Sanzhar"]
[Black "Palka, Dominika"]
[Result "1-0"]
[WhiteElo "1464"]
[BlackElo "1774"]
[PlyCount "53"]
[EventDate "2022.08.05"]
[EventRounds "9"]
[EventCountry "CZE"]

1. e4 e5 2. Nf3 Nc6 3. d4 exd4 4. Bc4 Nf6 5. O-O Bc5 6. e5 d5 7. exf6 dxc4 8.
fxg7 Rg8 9. Re1+ Be6 10. Bg5 Be7 11. Bxe7 Qxe7 12. Nxd4 O-O-O 13. Nxc6 bxc6 14.
Qf3 Rxg7 15. Nc3 Qc5 16. b4 cxb3 17. axb3 Bg4 18. Qf6 Rg6 19. Ne4 Qd5 20. Qf4
Bh3 21. Rxa7 Rd7 22. c4 Qd1 23. Rxc7+ Kd8 24. Rxd7+ Qxd7 25. Nc5 Rxg2+ 26. Kh1
Qf5 27. Qd6+  1-0

[Event "Summer Prague Open 2022 - B"]
[Site "Olympik hotel, Sokolovska 138, Praha"]
[Date "2022.08.07"]
[Round "3"]
[Board "9"]
[White "Hamdan Edrees, Alhamed"]
[Black "Khalifa Essa, Albalooshi"]
[Result "1/2-1/2"]
[WhiteElo "1348"]
[BlackElo "1749"]
[PlyCount "75"]
[EventDate "2022.08.05"]
[EventRounds "9"]
[EventCountry "CZE"]

1. e4 c5 2. Nf3 e6 3. d3 g6 4. g3 Bg7 5. Bg2 Ne7 6. O-O O-O 7. c3 d5 8. exd5
exd5 9. d4 cxd4 10. Nxd4 Nbc6 11. Be3 Ne5 12. Na3 h5 13. Re1 Bg4 14. Qd2 Qd7
15. Bf4 f6 16. h4 N7c6 17. Nac2 Rad8 18. b3 Rfe8 19. f3 Bh3 20. Re2 Re7 21.
Rae1 Rde8 22. Ne3 Bxg2 23. Kxg2 Nf7 24. Nec2 Nce5 25. Nb4 a5 26. Nd3 b6 27. Be3
Nxd3 28. Qxd3 Ne5 29. Qd2 Qb7 30. Bg1 f5 31. Be3 Nf7 32. Nb5 Qc6 33. a4 Nd6 34.
Nd4 Qc7 35. Bf4 Qd7 36. Rxe7 Rxe7 37. Rxe7 Qxe7 38. Nc6  1/2-1/2

[Event "Summer Prague Open 2022 - B"]
[Site "Olympik hotel, Sokolovska 138, Praha"]
[Date "2022.08.07"]
[Round "4"]
[Board "1"]
[White "Onyango, Adia"]
[Black "Zamengo, Bruno"]
[Result "0-1"]
[WhiteElo "1725"]
[BlackElo "1903"]
[PlyCount "146"]
[EventDate "2022.08.05"]
[EventRounds "9"]
[EventCountry "CZE"]

1. d4 Nf6 2. c4 c5 3. d5 b5 4. cxb5 a6 5. b6 d6 6. Nc3 Nbd7 7. Rb1 Qxb6 8. Nf3
g6 9. b3 Bg7 10. e4 Ng4 11. Na4 Qb4+ 12. Nd2 Ndf6 13. a3 Qa5 14. Be2 h5 15. O-O
O-O 16. Nc4 Qc7 17. f3 Nh6 18. Bd2 Rb8 19. Ba5 Qb7 20. Nab6 Nd7 21. Qd3 Nxb6
22. Nxb6 Kh7 23. Nxc8 Qxc8 24. Bc3 Ng8 25. a4 Bxc3 26. Qxc3 Rb4 27. Qd3 c4 28.
bxc4 Qc5+ 29. Kh1 Rxa4 30. Ra1 Rxa1 31. Rxa1 Ra8 32. f4 Ra7 33. f5 Nf6 34.
fxg6+ fxg6 35. Rf1 Kg7 36. Qc3 Rb7 37. h3 Qb4 38. Qd4 Qb2 39. Qxb2 Rxb2 40. Bf3
Rc2 41. Re1 Nd7 42. Ra1 Nc5 43. Kh2 Rxc4 44. Be2 Rxe4 45. Bxa6 Ra4 46. Rxa4
Nxa4 47. Kg3 Kf6 48. Kh4 Nc3 49. Bc4 Ke5 50. g4 hxg4 51. Kxg4 Nxd5 52. Kg5 Nf4
53. h4 d5 54. Bb3 d4 55. Bd1 Ke4 56. Bc2+ Ke3 57. Bxg6 Nxg6 58. h5 Nf8 59. Kh6
d3 60. Kg7 d2 61. Kxf8 d1=Q 62. h6 Qd8+ 63. Kg7 e5 64. h7 e4 65. h8=Q Qxh8+ 66.
Kxh8 Kf4 67. Kg7 e3 68. Kf6 e2 69. Kg6 e1=Q 70. Kg7 Qe6 71. Kh8 Qd7 72. Kg8 Kf5
73. Kh8 Kg6  0-1

[Event "Summer Prague Open 2022 - B"]
[Site "Olympik hotel, Sokolovska 138, Praha"]
[Date "2022.08.07"]
[Round "4"]
[Board "2"]
[White "Kim, Changhyung"]
[Black "Jaeger, Andre"]
[Result "1-0"]
[WhiteElo "1722"]
[BlackElo "1865"]
[PlyCount "69"]
[EventDate "2022.08.05"]
[EventRounds "9"]
[EventCountry "CZE"]

1. d4 Nf6 2. Bf4 g6 3. Nc3 d5 4. e3 Bg7 5. h4 c6 6. Be2 b5 7. a3 h5 8. Nf3 Bg4
9. Ne5 Bxe2 10. Nxe2 Nfd7 11. Nf3 Nf6 12. Nc1 Nbd7 13. Nd3 Ng4 14. Nfe5 Ngxe5
15. Nxe5 Nxe5 16. Bxe5 Bxe5 17. dxe5 e6 18. Qd4 Qe7 19. O-O O-O 20. g3 c5 21.
Qd3 Rab8 22. f4 Rfc8 23. Rf2 a5 24. Qe2 c4 25. e4 d4 26. f5 exf5 27. exf5 Re8
28. Re1 Rbd8 29. Qe4 Kh7 30. e6 d3 31. cxd3 cxd3 32. Rd1 Qd6 33. fxg6+ Kh8 34.
g7+ Kxg7 35. Rxf7+  1-0

[Event "Summer Prague Open 2022 - B"]
[Site "Olympik hotel, Sokolovska 138, Praha"]
[Date "2022.08.07"]
[Round "4"]
[Board "3"]
[White "Sulzbacher, Kurt"]
[Black "Pitera, Michal"]
[Result "1-0"]
[WhiteElo "1707"]
[BlackElo "1798"]
[PlyCount "59"]
[EventDate "2022.08.05"]
[EventRounds "9"]
[EventCountry "CZE"]

1. e4 c5 2. Nc3 g6 3. d4 cxd4 4. Qxd4 Nf6 5. Nf3 Nc6 6. Qa4 d6 7. Be3 Bd7 8.
Bb5 a6 9. Bxc6 Bxc6 10. Qb3 Bg7 11. e5 dxe5 12. Nxe5 Bd5 13. Nxd5 Qxd5 14. Qxd5
Nxd5 15. Bd4 f6 16. Nd3 e5 17. Bc5 Rc8 18. O-O-O e4 19. Rhe1 f5 20. f3 Bh6+ 21.
Kb1 e3 22. f4 Kf7 23. Bxe3 Rhe8 24. Bc1 Re4 25. g3 Bg7 26. Rxe4 fxe4 27. Nf2 e3
28. Ne4 Ke6 29. Ng5+ Kd6 30. Bxe3  1-0

[Event "Summer Prague Open 2022 - B"]
[Site "Olympik hotel, Sokolovska 138, Praha"]
[Date "2022.08.07"]
[Round "4"]
[Board "4"]
[White "Korniichuk, Oleksandra"]
[Black "Sainov, Sanzhar"]
[Result "1/2-1/2"]
[WhiteElo "1793"]
[BlackElo "1464"]
[PlyCount "69"]
[EventDate "2022.08.05"]
[EventRounds "9"]
[EventCountry "CZE"]

1. e4 c5 2. Nf3 Nc6 3. d4 cxd4 4. Nxd4 Qb6 5. Nb3 Nf6 6. Nc3 e6 7. Be3 Qc7 8.
a3 a6 9. Be2 Be7 10. O-O b5 11. f4 d6 12. Bf3 Bb7 13. Qe1 O-O 14. Qf2 Nd7 15.
Ne2 Rac8 16. Rac1 b4 17. a4 Bf6 18. Rb1 Rfd8 19. Rfc1 Na5 20. Bd4 Bxd4 21.
Nexd4 Nxb3 22. Nxb3 Nc5 23. Nxc5 dxc5 24. Qe3 e5 25. f5 f6 26. c3 Qa5 27. b3
Ba8 $11 28. Rb2 bxc3 29. Rxc3 Rd4 30. Rbc2 Qb6 31. Rc4 Kf7 32. Qc3 g6 33. fxg6+
hxg6 34. Kf1 Rb8 35. Rb2  1/2-1/2

[Event "Summer Prague Open 2022 - B"]
[Site "Olympik hotel, Sokolovska 138, Praha"]
[Date "2022.08.07"]
[Round "4"]
[Board "5"]
[White "Podjavorinsky, Michal"]
[Black "Arulmaran, Abishan"]
[Result "0-1"]
[WhiteElo "1946"]
[BlackElo "1678"]
[PlyCount "68"]
[EventDate "2022.08.05"]
[EventRounds "9"]
[EventCountry "CZE"]

1. e4 Nc6 2. Nc3 e5 3. Bc4 Nf6 4. d3 Na5 5. Bg5 Nxc4 6. dxc4 Be7 7. Qf3 d6 8.
Bxf6 Bxf6 9. O-O-O c6 10. c5 Be7 11. cxd6 Bxd6 12. h4 O-O 13. g4 Qe7 14. Nge2
b5 15. Rdg1 b4 16. Nd1 Be6 17. Ne3 Bxa2 18. Nf5 Qe6 19. b3 a5 20. Kb2 a4 21.
Ra1 axb3 22. cxb3 g6 23. Nh6+ Kg7 24. h5 Qxb3+ 25. Qxb3 Bxb3 26. Rxa8 Rxa8 27.
Kxb3 Kxh6 28. hxg6+ Kxg6 29. Ng3 Ra3+ 30. Kb2 Rf3 31. Nf5 Rxf2+ 32. Kb3 Rf3+
33. Kb2 Rf2+ 34. Kb3 Bf8  0-1

[Event "Summer Prague Open 2022 - B"]
[Site "Olympik hotel, Sokolovska 138, Praha"]
[Date "2022.08.07"]
[Round "4"]
[Board "6"]
[White "Svetly, Jiri"]
[Black "Beetz, Ole"]
[Result "1/2-1/2"]
[WhiteElo "1825"]
[BlackElo "1567"]
[PlyCount "28"]
[EventDate "2022.08.05"]
[EventRounds "9"]
[EventCountry "CZE"]

1. d4 Nf6 2. c4 e6 3. Nc3 Bb4 4. Qc2 O-O 5. e4 d5 6. e5 Ne4 7. Bd3 c5 8. cxd5
exd5 9. Nf3 cxd4 10. Nxd4 Nd7 11. O-O Bxc3 12. bxc3 Nxe5 13. Bxe4 dxe4 14. Qxe4
Re8  1/2-1/2

[Event "Summer Prague Open 2022 - B"]
[Site "Olympik hotel, Sokolovska 138, Praha"]
[Date "2022.08.07"]
[Round "4"]
[Board "7"]
[White "Hamdan Edrees, Alhamed"]
[Black "Sterba, Erik"]
[Result "0-1"]
[WhiteElo "1348"]
[BlackElo "1815"]
[PlyCount "90"]
[EventDate "2022.08.05"]
[EventRounds "9"]
[EventCountry "CZE"]

1. e4 c5 2. Nf3 Nc6 3. d3 g6 4. g3 Bg7 5. Bg2 e6 6. O-O Nge7 7. c3 d5 8. exd5
Nxd5 9. a4 O-O 10. Na3 b6 11. Nc2 Ba6 12. Nfe1 Rc8 13. Na3 Qd7 14. Nc4 Nxc3 15.
bxc3 Bxc4 16. Qc2 Ba6 17. Be3 Rfd8 18. Rd1 Ne5 19. c4 Nxc4 20. Bg5 f6 21. Nf3
Nd6 22. Bc1 Nf5 23. Rfe1 Bxd3 24. Qc3 c4 25. Bb2 e5 26. g4 Nd4 27. h3 Qxa4 28.
Ra1 Qd7 29. Rad1 Qc7 30. Nxd4 exd4 31. Qb4 Bf8 32. Qa4 Qd7 33. Qa2 Kg7 34. Bf1
Bxf1 35. Rxd4 Qc7 36. Rxf1 c3 37. Rxd8 Rxd8 38. Bxc3 Qxc3 39. Qxa7+ Kh6 40.
Qxb6 Rd3 41. Qb8 Bd6 42. Qh8 Rg3+ 43. Kh2 Rxh3+ 44. Kg1 Qf3 45. g5+ Kxg5  0-1

[Event "Summer Prague Open 2022 - B"]
[Site "Olympik hotel, Sokolovska 138, Praha"]
[Date "2022.08.07"]
[Round "4"]
[Board "8"]
[White "Khalifa Essa, Albalooshi"]
[Black "Panda, Gyorgy"]
[Result "1-0"]
[WhiteElo "1749"]
[BlackElo "1627"]
[PlyCount "71"]
[EventDate "2022.08.05"]
[EventRounds "9"]
[EventCountry "CZE"]

1. d4 Nf6 2. c4 e6 3. Nf3 d5 4. Nc3 c5 5. cxd5 exd5 6. g3 Nc6 7. Bg2 Be7 8. O-O
O-O 9. Bg5 Be6 10. dxc5 Bxc5 11. Rc1 Be7 12. Nd4 Bg4 13. h3 Be6 14. Be3 Nxd4
15. Qxd4 Qd7 16. g4 b6 17. Qd3 Rac8 18. f4 Rfd8 19. Bd4 Rc4 20. e3 Ne4 21. b3
Nc5 22. Qe2 Rxc3 23. Rxc3 f5 24. g5 Ne4 25. Bxe4 fxe4 26. h4 Bg4 27. Qf2 Bh3
28. Rfc1 Qg4+ 29. Kh2 Qf5 30. Rc7 Bf8 31. Qg3 Bg4 32. Rg1 Bf3 33. Qh3 Qg6 34.
Rgc1 Qd6 35. Qf5 Qb4 36. Qf7+  1-0

[Event "Summer Prague Open 2022 - B"]
[Site "Olympik hotel, Sokolovska 138, Praha"]
[Date "2022.08.07"]
[Round "4"]
[Board "11"]
[White "Mikhno, Artem"]
[Black "Kalvach, Ladislav"]
[Result "1/2-1/2"]
[WhiteElo "1535"]
[BlackElo "1767"]
[PlyCount "47"]
[EventDate "2022.08.05"]
[EventRounds "9"]
[EventCountry "CZE"]

1. d4 Nf6 2. c4 e6 3. Nc3 Bb4 4. Qc2 c5 5. e3 Nc6 6. Nf3 d5 7. dxc5 Bxc5 8.
cxd5 exd5 9. Bb5 O-O 10. O-O Bg4 11. Bxc6 Bxf3 12. Bxb7 Qd7 13. Nxd5 Bxd5 14.
Bxa8 Bxa8 15. Qxc5 Bxg2 16. Kxg2 Qg4+ 17. Kh1 Qf3+ 18. Kg1 Ne4 19. Qe5 Qg4+ 20.
Kh1 Qe2 21. Kg2 Qg4+ 22. Kh1 Qh3 23. Kg1 Qg4+ 24. Kh1  1/2-1/2